LEADER 01415nam2 22002651i 450 001 UON00529228 005 20250828100901.8 100 $a20250828d1960 |0itac50 ba 101 $aita 102 $aIT 105 $a|||| ||||| 200 1 $aˆIl ‰Medioevo feudale, comuni e monarchie, il tramonto delle autorità universali del papato e dell'impero$eil sacro romano impero, il mondo feudale europeo, slavi, magiari, romeni alla ribalta della storia, la formazione degli stati dell'Europa orientale, papato e impero$fS. Mochi Onory ...et alii 210 $aMilano$cCasa Editrice Dr. Francesco Vallardi,1960 215 $aXXIX, 599 p.$d29 cm 461 1$1001UON00327523$12001 $aStoria Universale$fdiretta da Ernesto Pontieri$1210 $aMilano$cFrancesco Vallardi Società Editrice Libraria$d19-.$vIV,1 606 $aMedioevo feudale$3UONC105043$2FI 620 $aIT$dMilano$3UONL000005 700 1$aMochi Onory$bSergio$3UONV188775$0180187 712 $aVallardi$3UONV247460$4650 801 $aIT$bSOL$c20250829$gRICA 899 $aSIBA - SISTEMA BIBLIOTECARIO DI ATENEO$2UONSI 912 $aUON00529228 950 $aSIBA - SISTEMA BIBLIOTECARIO DI ATENEO$dSI BIB D 0001/IV,1 $eSI MR 70572/2 7 0001/IV,1 $sBuono 996 $aMedioevo feudale, comuni e monarchie, il tramonto delle autorità universali del papato e dell'impero$94423605 997 $aUNIOR